Sử dụng đông dược trong chăn nuôi và trị bệnh
Gorde:
| Egile nagusia: | |
|---|---|
| Formatua: | Liburua |
| Hizkuntza: | Undetermined |
| Argitaratua: |
Đồng Nai
Nxb. Đồng Nai
1999
|
| Gaiak: | |
| Etiketak: |
Etiketa erantsi
Etiketarik gabe, Izan zaitez lehena erregistro honi etiketa jartzen!
|
| Thư viện lưu trữ: | Trung tâm Học liệu Trường Đại học Cần Thơ |
|---|
| LEADER | 00565nam a2200193Ia 4500 | ||
|---|---|---|---|
| 001 | CTU_37935 | ||
| 008 | 210402s9999 xx 000 0 und d | ||
| 020 | |b 10.000đ | ||
| 082 | |a 636.089 | ||
| 082 | |b Th523 | ||
| 100 | |a Thúy Hường | ||
| 245 | 0 | |a Sử dụng đông dược trong chăn nuôi và trị bệnh | |
| 245 | 0 | |c Thúy Hường | |
| 260 | |a Đồng Nai | ||
| 260 | |b Nxb. Đồng Nai | ||
| 260 | |c 1999 | ||
| 650 | |a veterinary medicine | ||
| 904 | |i Minh, 001006 | ||
| 980 | |a Trung tâm Học liệu Trường Đại học Cần Thơ | ||